| 000 | 01116nam a22002777a 4500 | ||
|---|---|---|---|
| 999 |
_c22499 _d22499 |
||
| 003 | AR-CdUCM | ||
| 008 | 190409b ||||| |||| 00| 0 spa d | ||
| 020 | _a9786124391132 | ||
| 040 |
_aMUNICIPALIDAD PROVINCIAL DEL CUSCO _cBIBLIOTECA MUNICIPAL DEL CUSCO |
||
| 082 |
_a394.265098543/G897 _bG897 |
||
| 100 |
_aGuadalupe Inga, Martín _948335 |
||
| 245 |
_aEl Señor de Locumba : _britualidades transfronterizas en el sur peruano / _cinvestigadores Martín Guadalupe Inga, Michael Tapia Condori |
||
| 260 |
_aLima : _bMinisterio de Cultura, _c2018. |
||
| 300 |
_a360 páginas : _bil. col. ; _c24 cm. |
||
| 500 | _zBibliografía: p. 358-360. | ||
| 505 | _aContenido: Reconstrucción histórica del templo y la festividad. Exploración etnográfica de una celebración transfronteriza. | ||
| 650 |
_aJesucristo _98714 |
||
| 650 |
_aSeñor de Locumba _948336 |
||
| 650 |
_aProcesiones religiosas _948337 |
||
| 650 |
_aFestividades religiosas _913420 |
||
| 650 |
_aTacna _948338 |
||
| 700 |
_aTapia Condori, Michael _948339 |
||
| 710 |
_aMinisterio de Cultura Perú _948332 |
||
| 942 |
_2ddc _cLIBROS |
||
| 945 | _arac | ||